000 01336cam a2200301 i 4500
003 SA-RiAUC
005 20240913153300.0
008 240912s2008 le f b 000r0 ara c
020 _a9789953815664
040 _aJO-AmMOFA
_bara
_cSA-RiAUC
_dKAC
_erda
050 4 _b.J37
082 0 4 _a016.2582
_qSA-RiAUC
082 0 4 _a258.2
_bج ز ا
099 _aREF
100 1 _aالجزائري، بشير ضيف بن أبي بكر
_eمؤلف.
245 1 0 _aمصادر الفقه المالكي :
_bأصولا وفروعا في المشرق والمغرب قديما وحديثا /
_cتصنيف الشيخ أبي عاصم بشير ضيف بن أبي بكر بن البشير بن عمر.
250 _aالطبعة الأولى.
264 1 _aبيروت :
_bدار ابن حزم،
_c2008
300 _a230 صفحة ؛
_c24 سم
336 _aنص
_btxt
_2rdacontent
_3كتاب
337 _aبدون وسيط
_bn
_2rdamedia
338 _aمجلد
_bnc
_2rdacarrier
500 _aوهو تقييد لأهم وأشهر كتب المذهب المالكي المطبوع أو المخطوط نظما ونثرا.
504 _aيشتمل على إرجاعات ببليوجرافية.
650 7 _aالفقه المالكي
_vببليوجرافيات
_2aucsh
942 _2ddc
_cBOOK
949 _aSA-JeALM
_d240912
_umohamedma123
_n1
999 _c224
_d224